Top 20 goal scorers in football history - Statistics

General Stats
  • This quiz has been taken 102 times
  • The average score is 7 of 20
Answer Stats
Hint Answer % Correct
970 Christiano Ronaldo
100%
906 Lionel Messi
99%
763 Pele
90%
717 Robert Lewandowski
77%
600 Luis Suarez
67%
561 Zlatan Ibrahimovic
53%
634 Gerd Muller
48%
725 Ferenc Puskas
47%
537 Alfredo Di Stefano
42%
756 Romario
34%
578 Eusebio
29%
722 Josef Bican
29%
639 Jimmy Jones
5%
552 Uwe seeler
5%
624 Abe Lenstra
3%
563 Glenn Ferguson
3%
550 Jimmy Mcgrory
3%
626 Joe Bambrick
3%
553 Fernando Peyroteo
2%
553 Imre Schlosser
2%
No matching quizzes found
Score Distribution
Percent of People with Each Score
Percentile by Number Answered
Your Score History
You have not taken this quiz